000 00474nam a2200097Ia 4500
008 180130s9999 xx 000 0 und d
245 _cKrings, Gautier; Karsai, Marton; Bernhardsson, Sebastian; Blondel, Vincent D.; Saramaki, Jari
_aEffects of time window size and placement on the structure of an aggregated communication network
260 _c2016
300 _aBook title: Knowledge discovery in databases--Acession number C20553; pages 1 -16
650 _aKNOWLEDGE DISCOVERY
999 _c354220
_d354220